000 01073cam a2200313 a 4500
001 1201888
003 NUST
005 20220414135450.0
008 990415s1999 txua b 001 0 eng
010 _a 98087395
020 _a0030224691
038 _awaseem
040 _aDLC
_cDLC
050 0 0 _aT58.6
_b.G63 1999
082 0 0 _a658.40380285
_bGOR
100 1 _aGordon, Judith R.
_990963
245 1 0 _aInformation systems :
_ba management approach /
_cJudith R. Gordon, Steven R. Gordon.
250 _a2nd ed.
260 _aNew York :
_bDryden Press,
_cc1999.
300 _axxxi, 586, [27] p. :
_bcol. ill. ;
_c27 cm.
500 _aSteven Gordon's name appears first on the earlier edition.
504 _aIncludes bibliographical references and indexes.
563 _aHBK.
650 0 _aManagement information systems.
700 1 _aGordon, Steven R.
_990964
906 _a7
_bcbc
_corignew
_d2
_eopcn
_f19
_gy-gencatlg
942 _2ddc
_cBK
999 _c589168
_d589168